[Event "Paracin 2019"]
[Site "Paracin"]
[Date "2019.07.09"]
[Round "6.20"]
[White "Sanal, Vahap"]
[Black "Boldoo, Erdenepurev"]
[Result "1-0"]
[WhiteElo "2520"]
[BlackElo "2295"]
[PlyCount "69"]
[EventDate "2019.??.??"]

1. e4 c5 2. Nf3 e6 3. d4 cxd4 4. Nxd4 Nc6 5. Nc3 a6 6. g3 Qc7 7. Bg2 d6 8. O-O
Be7 9. Nxc6 bxc6 10. Na4 Nf6 11. c4 e5 12. b3 O-O 13. Bb2 Bg4 14. Qd2 Rab8 15.
f4 exf4 16. gxf4 Nd7 17. Rae1 Bh4 18. Qd4 f6 19. Re3 Nb6 20. Nxb6 Qxb6 21. Qd3
f5 22. h3 Bh5 23. exf5 Bf6 24. Bxf6 Rxf6 25. Kh2 Rbf8 26. Re6 Qc5 27. Rxf6 Rxf6
28. Qe4 Qxf5 29. Qxf5 Rxf5 30. Bxc6 Bf7 31. Kg3 Rc5 32. Bb7 d5 33. Rd1 Kf8 34.
Bxd5 Bxd5 35. Rxd5 1-0

[Event "International Tournament "]
[Site "Paracin, Pool "]
[Date "2019.07.09"]
[Round "6.31"]
[White "Munkhzul, Davaakhuu"]
[Black "Maksimovic, Bojan"]
[Result "0-1"]
[WhiteElo "1863"]
[BlackElo "2326"]
[PlyCount "96"]
[EventDate "2019.07.05"]

1. e4 c5 2. Nf3 e6 3. d4 cxd4 4. Nxd4 a6 5. Nc3 Qc7 6. Bd3 Nf6 7. O-O Nc6 8.
Nb3 Be7 9. f4 d6 10. Qe2 O-O 11. Kh1 b5 12. a3 Bb7 13. Bd2 b4 14. axb4 Nxb4 15.
Nb5 axb5 16. Bxb4 Ra4 17. c3 e5 18. Rad1 Ra2 19. Bxb5 Nxe4 20. fxe5 d5 21. Nc1
Raa8 22. Bxe7 Qxe7 23. Nd3 Ra5 24. c4 dxc4 25. Bxc4 Ra4 26. Qc2 Raa8 27. b4 Qg5
28. Rf4 Rac8 29. e6 Bd5 30. Qe2 Rxc4 31. Rdf1 Nf6 32. e7 Re8 33. Rf5 Qg4 34.
Qf2 Be6 35. Ra5 Qd4 36. Qg3 Rc3 37. Rd1 Ne4 38. Qf3 Rxd3 39. Rxd3 Qxd3 40. Qxd3
Nf2+ 41. Kg1 Nxd3 42. b5 h6 43. Ra7 Ne5 44. Rc7 Ng6 45. b6 Nxe7 46. b7 Nd5 47.
Rc5 Rb8 48. Rb5 Kf8 0-1

[Event "International Tournament "]
[Site "Paracin, Pool "]
[Date "2019.07.09"]
[Round "6.32"]
[White "Milosevic, Milos"]
[Black "Shahil, Dey"]
[Result "1-0"]
[WhiteElo "2312"]
[BlackElo "2037"]
[PlyCount "119"]
[EventDate "2019.07.05"]

1. e4 c5 2. Nc3 e6 3. Nge2 a6 4. g3 b5 5. Bg2 Bb7 6. d4 cxd4 7. Nxd4 Nf6 8. a3
d6 9. O-O Nbd7 10. Re1 Qc7 11. Bg5 Be7 12. a4 bxa4 13. Rxa4 O-O 14. Ra2 h6 15.
Bf4 Rad8 16. Nb3 Nc5 17. Na5 Ba8 18. Qe2 e5 19. Bd2 d5 20. exd5 Nxd5 21. Bxd5
Bxd5 22. Nxd5 Rxd5 23. Bc3 e4 24. Nc4 Re8 25. Ne3 Rg5 26. Qc4 Qb7 27. Rd1 Rc8
28. Nd5 Bf8 29. Qd4 Kh8 30. Nf4 e3 31. Qxe3 Ne4 32. Bd4 Nd6 33. Qd3 Nf5 34.
Qxa6 Qc7 35. Bc3 Re8 36. Nd5 Qb8 37. Qb6 Qc8 38. Ra5 Bd6 39. Nf6 Bc7 40. Qc6
Bxa5 41. Qxe8+ Qxe8 42. Nxe8 Bxc3 43. bxc3 Rg6 44. Nc7 Rc6 45. Nd5 Nd6 46. Rd3
Nb5 47. Kg2 Na3 48. Ne3 g6 49. Kf3 Kg7 50. Ke2 Nb5 51. Kd2 Nd6 52. f3 Kf6 53.
Rd4 Nb5 54. Rf4+ Ke6 55. Re4+ Kd7 56. c4 Rd6+ 57. Nd5 f5 58. Re7+ Kd8 59. Re3
Kc8 60. Rd3 1-0

[Event "International Tournament "]
[Site "Paracin, Pool "]
[Date "2019.07.09"]
[Round "6.33"]
[White "Banovic, Ivan"]
[Black "Soysal, Serkan"]
[Result "0-1"]
[WhiteElo "2227"]
[BlackElo "2431"]
[PlyCount "48"]
[EventDate "2019.07.05"]

1. d4 d5 2. Nf3 Nf6 3. Bf4 c5 4. e3 Nc6 5. Nbd2 g6 6. Bb5 Qb6 7. c4 Bg7 8. a4
O-O 9. cxd5 Nxd5 10. Nc4 Qd8 11. Bg3 Ncb4 12. a5 Bf5 13. O-O a6 14. Ba4 Bd3 15.
Nce5 Bxf1 16. Qxf1 cxd4 17. exd4 Qxa5 18. Bc6 Qd8 19. Bxb7 Ra7 20. Bc6 Bxe5 21.
Nxe5 f6 22. Bxd5+ Qxd5 23. Nf3 Rc8 24. h3 a5 0-1

[Event "International Tournament "]
[Site "Paracin, Pool "]
[Date "2019.07.09"]
[Round "6.34"]
[White "Mullick, Raahil"]
[Black "Arsovic, Zoran"]
[Result "1-0"]
[WhiteElo "2211"]
[BlackElo "2398"]
[PlyCount "169"]
[EventDate "2019.07.05"]

1. e4 e6 2. d4 d5 3. Nc3 Nf6 4. e5 Nfd7 5. f4 c5 6. Nf3 Nc6 7. Be3 Be7 8. Qd2
O-O 9. Be2 b6 10. O-O f5 11. dxc5 Nxc5 12. Kh1 Bb7 13. Nd4 Nxd4 14. Bxd4 Rc8
15. a4 Kh8 16. Qe3 Ne4 17. Nxe4 dxe4 18. c3 g5 19. g3 Rg8 20. b4 Qf8 21. Ra2
gxf4 22. gxf4 a5 23. bxa5 bxa5 24. Rb2 Ba8 25. Bb5 Bd5 26. Ba6 Ra8 27. Bb5 Ba3
28. Rc2 Bb7 29. c4 Rd8 30. c5 Bd5 31. c6 Rc8 32. c7 Qg7 33. Bb6 Bb7 34. Rg1 Qe7
35. Rd1 Bb4 36. Bd7 Rcf8 37. Bb5 Qh4 38. Rdc1 Qe7 39. Bc6 Ba6 40. Bb5 Bb7 41.
Bc6 Ba6 42. Rd1 Bd3 43. Rxd3 exd3 44. Qxd3 Qh4 45. Qe3 Qe7 46. Bb7 Qd7 47. Qd4
Qxa4 48. Rc1 Qa3 49. Qd1 Bc3 50. Qc2 Qb4 51. Qxc3 Qxb6 52. c8=Q Rxc8 53. Bxc8
Qf2 54. Bb7 Qxf4 55. Rg1 Rxg1+ 56. Kxg1 Qg4+ 57. Bg2 a4 58. Qc8+ Kg7 59. Qd7+
Kf8 60. Qd8+ Kg7 61. Qf6+ Kg8 62. Qxe6+ Kf8 63. Qd6+ Kg7 64. e6 a3 65. e7 Qe2
66. Qg3+ Kf7 67. Bd5+ Kxe7 68. Qxa3+ Kd7 69. Qa4+ Kd6 70. Qc6+ Ke7 71. Qc7+ Ke8
72. Bc6+ Kf8 73. Qd8+ Kg7 74. Qg5+ Kf7 75. Bd5+ Ke8 76. Bc6+ Kf7 77. Qxf5+ Ke7
78. Qxh7+ Kd6 79. Qd7+ Kc5 80. Qd5+ Kb6 81. Qd6 Ka7 82. Qc7+ Ka6 83. Qb7+ Ka5
84. Qb5+ Qxb5 85. Bxb5 1-0

[Event "International Tournament "]
[Site "Paracin, Pool "]
[Date "2019.07.09"]
[Round "6.35"]
[White "Pasti, Aron"]
[Black "Sadykov, Ramil"]
[Result "0-1"]
[WhiteElo "2209"]
[BlackElo "2342"]
[PlyCount "38"]
[EventDate "2019.07.05"]

1. e4 e6 2. d4 d5 3. Nc3 Bb4 4. e5 b6 5. a3 Bxc3+ 6. bxc3 Ba6 7. Bxa6 Nxa6 8.
Qg4 Kf8 9. Ne2 Ne7 10. O-O h5 11. Qh3 Nf5 12. Ng3 Qh4 13. Qxh4 Nxh4 14. a4 Nf5
15. Nxf5 exf5 16. a5 Ke7 17. axb6 axb6 18. Bf4 c6 19. Rab1 b5 0-1

[Event "International Tournament "]
[Site "Paracin, Pool "]
[Date "2019.07.09"]
[Round "6.36"]
[White "Konaplev, Anton"]
[Black "Sahil, Tickoo"]
[Result "1/2-1/2"]
[WhiteElo "2314"]
[BlackElo "2187"]
[PlyCount "74"]
[EventDate "2019.07.05"]

1. c4 e6 2. d4 d5 3. Nc3 Be7 4. Bf4 Nf6 5. e3 O-O 6. Rc1 b6 7. Nf3 c5 8. cxd5
Nxd5 9. Nxd5 exd5 10. Be2 Nc6 11. dxc5 bxc5 12. O-O Be6 13. Ne5 Nxe5 14. Bxe5
Bd6 15. Bxd6 Qxd6 16. Qc2 Rac8 17. Rfd1 Rfd8 18. Qa4 Qb6 19. Rd2 a5 20. Bf3 h6
21. h3 Qb4 22. Qd1 d4 23. a3 Qb6 24. exd4 cxd4 25. Rxc8 Bxc8 26. Qc2 Be6 27.
Be4 Bd5 28. Bxd5 Rxd5 29. Qe4 Rd8 30. Qd3 Qc5 31. Rc2 Qe5 32. Rc1 h5 33. b4
axb4 34. axb4 g6 35. Rb1 Rb8 36. b5 Qc5 37. Qb3 Rb6 1/2-1/2

[Event "International Tournament "]
[Site "Paracin, Pool "]
[Date "2019.07.09"]
[Round "6.37"]
[White "Manish, Anto Cristiano F"]
[Black "Dedebas, Emre Emin"]
[Result "1/2-1/2"]
[WhiteElo "2208"]
[BlackElo "2301"]
[PlyCount "44"]
[EventDate "2019.07.05"]

1. e4 e5 2. Nf3 Nc6 3. Bb5 a6 4. Ba4 Nf6 5. O-O Be7 6. Re1 b5 7. Bb3 d6 8. c3
O-O 9. h3 Bb7 10. d4 Nd7 11. Nbd2 exd4 12. cxd4 Bf6 13. Nf1 Na5 14. Bc2 Re8 15.
N1h2 c5 16. Ng4 Bxd4 17. Nxd4 cxd4 18. Qxd4 Rc8 19. Bd3 h5 20. Ne3 Qf6 21. Qxf6
Nxf6 22. f3 d5 1/2-1/2

[Event "International Tournament "]
[Site "Paracin, Pool "]
[Date "2019.07.09"]
[Round "6.38"]
[White "Terziev, Dimo"]
[Black "Peng, Shunkai"]
[Result "1/2-1/2"]
[WhiteElo "2166"]
[BlackElo "2300"]
[PlyCount "75"]
[EventDate "2019.07.05"]

1. e4 c5 2. Nf3 d6 3. Bb5+ Bd7 4. Bxd7+ Qxd7 5. c4 Nc6 6. d4 Qg4 7. d5 Qxe4+ 8.
Be3 Nd4 9. Qa4+ Kd8 10. Nbd2 Qd3 11. Bxd4 cxd4 12. c5 Qa6 13. Qxd4 dxc5 14.
Qxc5 Rc8 15. Qd4 Nh6 16. Ne5 f6 17. Nec4 Nf5 18. Qg4 g6 19. O-O Bh6 20. a4 Bxd2
21. Nxd2 Ke8 22. Rfe1 Kf7 23. Qe4 Rhe8 24. b3 Kg7 25. Rac1 Nd6 26. Qe6 Rxc1 27.
Rxc1 Qd3 28. Nc4 Nf7 29. Qd7 Rd8 30. Qxb7 Rxd5 31. h3 Rd7 32. Qb4 Nd8 33. Qc3
Qe2 34. Re1 Rd1 35. Rxd1 Qxd1+ 36. Kh2 Nc6 37. Qe3 Qd5 38. Kg1 1/2-1/2

[Event "International Tournament "]
[Site "Paracin, Pool "]
[Date "2019.07.09"]
[Round "6.39"]
[White "Jocev, Milan"]
[Black "Spirliadis, Achileas"]
[Result "1/2-1/2"]
[WhiteElo "2297"]
[BlackElo "2151"]
[PlyCount "76"]
[EventDate "2019.07.05"]

1. d4 e6 2. Nf3 d5 3. Bf4 Nf6 4. e3 c5 5. c3 Nbd7 6. Nbd2 Be7 7. Bd3 Nh5 8. Bg3
Nxg3 9. hxg3 h6 10. e4 cxd4 11. Nxd4 Nc5 12. Bb5+ Bd7 13. Qe2 O-O 14. e5 Bxb5
15. Qxb5 f6 16. b4 fxe5 17. bxc5 exd4 18. cxd4 e5 19. O-O exd4 20. Nb3 Qc7 21.
Rac1 Rac8 22. Rc2 Bf6 23. Re1 Qc6 24. Qd3 Rfe8 25. Rce2 Rxe2 26. Qxe2 Qd7 27.
Qd3 Re8 28. Rxe8+ Qxe8 29. Qf5 Qc6 30. g4 b6 31. cxb6 axb6 32. f4 d3 33. Qxd3
Qe6 34. Kf2 d4 35. g5 hxg5 36. fxg5 Bxg5 37. Qxd4 Bf6 38. Qd3 Be7 1/2-1/2

[Event "International Tournament "]
[Site "Paracin, Pool "]
[Date "2019.07.09"]
[Round "6.40"]
[White "Mitev, Valentin"]
[Black "Shoshin, Kirill"]
[Result "1-0"]
[WhiteElo "2296"]
[BlackElo "2089"]
[PlyCount "55"]
[EventDate "2019.07.05"]

1. d4 e6 2. Nf3 Nf6 3. Bf4 d5 4. e3 c5 5. c3 Nc6 6. Nbd2 Bd6 7. Bg3 O-O 8. Bd3
b6 9. e4 Nh5 10. Bxd6 Qxd6 11. e5 Qe7 12. O-O a5 13. h4 Nf4 14. Bb1 Ba6 15. Re1
f5 16. Nf1 Bxf1 17. Rxf1 c4 18. g3 Nh5 19. b3 b5 20. a4 cxb3 21. axb5 Na7 22.
Qxb3 Rfb8 23. Bd3 Nc8 24. c4 Nb6 25. c5 Nc8 26. b6 g6 27. Rfb1 Rb7 28. Bb5 1-0

[Event "International Tournament "]
[Site "Paracin, Pool "]
[Date "2019.07.09"]
[Round "6.41"]
[White "Stefansson, Vignir Vatnar"]
[Black "Kosmidis, Ioannis"]
[Result "1-0"]
[WhiteElo "2293"]
[BlackElo "2100"]
[PlyCount "105"]
[EventDate "2019.07.05"]

1. d4 Nf6 2. c4 e6 3. g3 Bb4+ 4. Bd2 a5 5. Bg2 d6 6. Nc3 Nbd7 7. a3 Bxc3 8.
Bxc3 O-O 9. e4 e5 10. Ne2 exd4 11. Bxd4 Nc5 12. f3 a4 13. Bxc5 dxc5 14. Qc2 Be6
15. f4 Qc8 16. O-O Bh3 17. Nc3 Bxg2 18. Kxg2 Qe6 19. e5 Ng4 20. Qe2 Rfe8 21.
Nd5 Nf6 22. Nc3 Nd7 23. Nd5 Nb6 24. Qe4 Qc6 25. Rad1 Nxd5 26. cxd5 Qb5 27. Rf2
Rad8 28. g4 Qd7 29. Qf3 b6 30. Rdd2 g5 31. Rfe2 Qe7 32. f5 f6 33. d6 cxd6 34.
exd6 Rxd6 35. Rc2 Qd7 36. Rxe8+ Qxe8 37. Re2 Qc6 38. Qxc6 Rxc6 39. Re8+ Kg7 40.
Re7+ Kg8 41. Rb7 Rd6 42. Kf3 h6 43. Ke3 Kh8 44. h3 c4 45. Ke4 Kg8 46. Rc7 Rd2
47. Rxc4 Rxb2 48. Rxa4 Rb3 49. Kd5 Rxh3 50. Ke6 h5 51. Kxf6 hxg4 52. Kg6 Kf8
53. f6 1-0

[Event "International Tournament "]
[Site "Paracin, Pool "]
[Date "2019.07.09"]
[Round "6.42"]
[White "Dimitrijevic, Nenad"]
[Black "Martic, Zlatko"]
[Result "1/2-1/2"]
[WhiteElo "2150"]
[BlackElo "2283"]
[PlyCount "63"]
[EventDate "2019.07.05"]

1. d4 Nf6 2. Nf3 e6 3. Bg5 c5 4. e3 cxd4 5. exd4 Be7 6. Nbd2 h6 7. Bxf6 Bxf6 8.
Bd3 b6 9. Qe2 Bb7 10. Ne4 Be7 11. c3 a6 12. a4 d6 13. h4 Nd7 14. Kf1 Nf6 15.
Nxf6+ Bxf6 16. Be4 Bxe4 17. Qxe4 d5 18. Qd3 h5 19. g3 O-O 20. Kg2 Qc7 21. Nd2
g6 22. Rhc1 Qc6 23. Ra3 Kg7 24. f4 Be7 25. Ra2 b5 26. axb5 axb5 27. Rca1 b4 28.
Rxa8 Rxa8 29. Rxa8 Qxa8 30. cxb4 Bxb4 31. Nf3 Qa2 32. Qe2 1/2-1/2

[Event "International Tournament "]
[Site "Paracin, Pool "]
[Date "2019.07.09"]
[Round "6.43"]
[White "Pastar, Slaven"]
[Black "Peycheva, Gergana"]
[Result "1/2-1/2"]
[WhiteElo "2276"]
[BlackElo "2065"]
[PlyCount "59"]
[EventDate "2019.07.05"]

1. d4 Nf6 2. c4 e6 3. Nc3 Bb4 4. e3 O-O 5. Bd3 d5 6. cxd5 exd5 7. Nge2 Re8 8.
O-O Bf8 9. Bd2 b6 10. Rc1 c5 11. Nf4 Ba6 12. Bxa6 Nxa6 13. Qf3 Nc7 14. b3 Qd7
15. Rfd1 Rad8 16. dxc5 bxc5 17. Na4 Qb5 18. Bc3 Ne4 19. Ba1 Qa5 20. Qg4 d4 21.
exd4 cxd4 22. Bxd4 Ne6 23. Nxe6 Rxe6 24. Be3 Rde8 25. h3 h5 26. Qh4 Be7 27. Qf4
Bd6 28. Qh4 Be7 29. Qf4 Bd6 30. Qh4 1/2-1/2

[Event "International Tournament "]
[Site "Paracin, Pool "]
[Date "2019.07.09"]
[Round "6.44"]
[White "Nagare, Akhilesh"]
[Black "Tadic, Stefan"]
[Result "0-1"]
[WhiteElo "1928"]
[BlackElo "2262"]
[PlyCount "60"]
[EventDate "2019.07.05"]

1. b3 e5 2. Bb2 Nc6 3. e3 d5 4. Bb5 Bd6 5. Nf3 f6 6. d4 e4 7. Nfd2 a6 8. Bxc6+
bxc6 9. c4 f5 10. Ba3 Nf6 11. Bxd6 Qxd6 12. f4 c5 13. b4 cxb4 14. c5 Qc6 15.
O-O a5 16. a3 Ba6 17. Re1 O-O 18. Nb3 Bd3 19. axb4 axb4 20. N1d2 Ra3 21. h3
Rfa8 22. Rc1 Ra2 23. g4 Rb2 24. g5 Ne8 25. Ra1 Raa2 26. Rxa2 Rxa2 27. Nc1 Bc2
28. Qh5 g6 29. Qh4 Ra3 30. Qf2 Qa4 0-1

[Event "International Tournament "]
[Site "Paracin, Pool "]
[Date "2019.07.09"]
[Round "6.45"]
[White "Kishan, Gangolli"]
[Black "Eswaran, Ashritha"]
[Result "1-0"]
[WhiteElo "2035"]
[BlackElo "2257"]
[PlyCount "118"]
[EventDate "2019.07.05"]

1. d4 d5 2. c4 e5 3. dxe5 d4 4. Nf3 Nc6 5. a3 Nge7 6. Bf4 Ng6 7. Bg3 h5 8. h3
h4 9. Bh2 Rh5 10. Qa4 Bd7 11. Qb3 a5 12. Nbd2 a4 13. Qd3 Be6 14. e3 dxe3 15.
Qxe3 Ra5 16. O-O-O Qc8 17. Ne4 Ngxe5 18. Nxe5 Nxe5 19. Be2 Rh8 20. Rhe1 b6 21.
Ng5 Bd6 22. f4 Ng6 23. Bd3 Ne7 24. Nxe6 Qxe6 25. Qxe6 fxe6 26. Rxe6 Kd7 27. Re2
Rf8 28. Bc2 Nf5 29. Re5 Kc8 30. Rxa5 bxa5 31. Rd5 Ng3 32. Bxg3 hxg3 33. f5 Re8
34. Kd1 Re5 35. Rxe5 Bxe5 36. Kc1 Bf4+ 37. Kb1 Kd7 38. Bxa4+ Kd6 39. Kc2 Kc5
40. Bb5 c6 41. Ba6 Be5 42. b3 Kd4 43. b4 axb4 44. axb4 c5 45. bxc5 Kxc5 46. Kd3
Bc7 47. Ke4 Kd6 48. Kf4 Ke7+ 49. Kg5 Be5 50. Kg6 Kf8 51. c5 Kg8 52. h4 Bd4 53.
c6 Be5 54. h5 Kf8 55. Bc4 Ke7 56. f6+ gxf6 57. Kf5 Kf8 58. h6 Bc7 59. Kxf6 Bd8+
1-0

[Event "International Tournament "]
[Site "Paracin, Pool "]
[Date "2019.07.09"]
[Round "6.46"]
[White "Tanishka, Kotia"]
[Black "Strugnell, Carl"]
[Result "0-1"]
[WhiteElo "1942"]
[BlackElo "2248"]
[PlyCount "136"]
[EventDate "2019.07.05"]

1. e4 e5 2. Nf3 Nc6 3. Bb5 a6 4. Ba4 Nf6 5. d4 exd4 6. e5 Ne4 7. O-O Nc5 8.
Bxc6 dxc6 9. Nxd4 Be7 10. Be3 O-O 11. Nd2 f5 12. f4 Qe8 13. Rf3 Ne6 14. Rg3 c5
15. Nxe6 Bxe6 16. Nf3 Rd8 17. Qe2 h6 18. Nd2 Kh7 19. Rh3 g6 20. Nf3 Kg7 21. Rg3
Qc6 22. h4 Kh7 23. Rh3 Rg8 24. Nh2 Rd7 25. Nf3 Qe4 26. Rh1 Rgd8 27. Re1 Bxa2
28. h5 Qc6 29. hxg6+ Qxg6 30. b3 Rg8 31. Rh2 c4 32. Qxc4 b5 33. Qe2 Qc6 34. Ra1
Rgd8 35. Kf2 Bc5 36. e6 Bxe3+ 37. Qxe3 Qxc2+ 38. Kf1 Rd1+ 39. Rxd1 Rxd1+ 40.
Ne1 Qxb3 41. Qe2 Qb1 42. Kf2 Rxe1 43. Qxe1 Qxe1+ 44. Kxe1 Bxe6 45. g3 c6 46.
Re2 Bd5 47. Re7+ Kg6 48. Ra7 b4 49. Rxa6 b3 50. Kd2 Kh5 51. Ra7 Kg4 52. Rg7+
Kf3 53. Kc3 c5 54. Rg6 c4 55. Rg7 Be4 56. Rg6 Bd3 57. Rg7 Be2 58. Rg6 Bf1 59.
Rg8 Be2 60. Rg7 h5 61. Re7 Kf2 62. Rg7 Bg4 63. Kxc4 Kxg3 64. Kxb3 h4 65. Rh7 h3
66. Kc3 h2 67. Rxh2 Kxh2 68. Kd4 Kg3 0-1

[Event "International Tournament "]
[Site "Paracin, Pool "]
[Date "2019.07.09"]
[Round "6.47"]
[White "Mammadov, Mustafa"]
[Black "Radosavljevic, Slobodan D"]
[Result "1-0"]
[WhiteElo "2005"]
[BlackElo "2246"]
[PlyCount "121"]
[EventDate "2019.07.05"]

1. d4 c5 2. d5 Nf6 3. c4 b5 4. cxb5 a6 5. b6 Qxb6 6. Nc3 d6 7. e4 g6 8. h3 Bg7
9. Nf3 O-O 10. Bd3 Nbd7 11. O-O Ne8 12. Qc2 Rb8 13. b3 Ne5 14. Nxe5 Bxe5 15.
Na4 Qa7 16. Bb2 f6 17. Kh1 Nc7 18. f4 Bxb2 19. Nxb2 Nb5 20. Nc4 Nd4 21. Qd2 Qc7
22. Rae1 Bd7 23. Re3 e5 24. dxe6 Bxe6 25. f5 Bf7 26. fxg6 Bxg6 27. Qf2 Nc6 28.
Rf3 Rf7 29. Qg3 Kh8 30. Nxd6 Rff8 31. Rxf6 Rxf6 32. Rxf6 Qe7 33. Nf7+ Bxf7 34.
Rxc6 Rg8 35. Qd6 Qg5 36. Qf6+ Qxf6 37. Rxf6 Bg6 38. Rxa6 Rd8 39. Bc4 Bxe4 40.
Re6 Ba8 41. a4 Kg7 42. a5 Bd5 43. Bxd5 Rxd5 44. Re1 Rd3 45. Re7+ Kg6 46. Rb7
Rd1+ 47. Kh2 Ra1 48. Rb6+ Kf7 49. a6 Ra3 50. Rb7+ Kg6 51. a7 h5 52. Kg1 h4 53.
Kf2 Kf5 54. Ke2 Ke4 55. Kd2 Kd4 56. Kc2 Ra2+ 57. Kb1 Ra6 58. Kb2 Kd5 59. Rh7
Ra5 60. b4 Ra4 61. b5 1-0